000
00243nam a2200097Ia 4500
001
1164666
005
20250827011725.0
008
250824s9999 xx 000 0 und d
245
0
_a
KURTLAR SOFRASINDA
_c
HANS FALLADA
260
_b
KETEBE YAYINLARI
999
_c
1164666
_d
1164666